000 00575nam a2200193Ia 4500
005 20250508150716.0
008 008 250505s9999 xx 000 0 eng d
020 _a0-7099-4339-3
037 _aTextual
040 _aFEDL
_beng
_cFEDL
041 _aeng
_2eng
084 _a709, HOG
_qFEDL
100 _aHogben Lancelot
_9133721
245 0 _aFrom cave painting to comic strip : A kaleidoscope of human communication
260 _aLondon, UK
_bMax Parrish and Company Ltd.
_c1949
300 _a286p.
942 _cTEXL
_h709, HOG
999 _c1325188
_d1325188